The elastomer industry - Its current state and outlook : Asia International Rubber Conference Bangkok, 2-3 December 1996 (Record no. 41314)

MARC details
000 -LEADER
fixed length control field 00432nam a2200133Ia 4500
082 ## - DEWEY DECIMAL CLASSIFICATION NUMBER
Classification number 678.074
Item number JUM
100 ## - MAIN ENTRY--AUTHOR NAME
Personal name Jumpasut, Prachaya
245 #4 - TITLE STATEMENT
Title The elastomer industry - Its current state and outlook : Asia International Rubber Conference Bangkok, 2-3 December 1996
260 ## - PUBLICATION, DISTRIBUTION, ETC. (IMPRINT)
Place of publication U K
Name of publisher IRSG
Year of publication 1996
490 ## - SERIES STATEMENT
Series statement IRSG Staff Paper 1996B
650 ## - SUBJECT ADDED ENTRY--TOPICAL TERM
Topical Term NR globalization
942 ## - ADDED ENTRY ELEMENTS (KOHA)
Koha item type Books
Holdings
Withdrawn status Lost status Damaged status Not for loan Home library Current library Date acquired Cost, normal purchase price Full call number Accession Number Koha item type
        RRII Library RRII Library 16/12/2021 15.00 678.074 JUM 21603 Books